LEADER 01047nam 2200361 450 001 990000955570203316 010 $a88-203-2209-9 035 $a0095557 035 $aUSA010095557 035 $a(ALEPH)000095557USA01 035 $a0095557 100 $a20020212d1995----km-y0itay0103----ba 101 0 $aita 102 $aIT 105 $ay|||z|||001yy 200 1 $a<> vino spumante$emetodi di spumantizzazione$ezone e vitigni idonei$evini spumanti D.O.C. e D.O.C.G.$fGiuseppe Sicheri 210 $aMilano$cHoepli$dcopyr. 1995 215 $a193 p.$d24 cm 410 0$12001 606 $aVino 676 $a663.2 700 1$aSICHERI,$bGiuseppe$075780 801 0$aIT$bsalbc$gISBD 912 $a990000955570203316 951 $a663.2 SIC$b2979 FAR$c663$d00081135 959 $aBK 969 $afar 979 $aCHIARA$b90$c20020212$lUSA01$h0951 979 $aCHIARA$b90$c20020212$lUSA01$h0951 979 $c20020403$lUSA01$h1738 979 $aPATRY$b90$c20040406$lUSA01$h1706 996 $aVino spumante$9973435 997 $aUNISA LEADER 03321nam 2200649Ia 450 001 9910462158303321 005 20200520144314.0 010 $a0-7914-8606-0 035 $a(CKB)2670000000241300 035 $a(EBL)3408411 035 $a(SSID)ssj0000720177 035 $a(PQKBManifestationID)11417913 035 $a(PQKBTitleCode)TC0000720177 035 $a(PQKBWorkID)10679731 035 $a(PQKB)10913748 035 $a(MiAaPQ)EBC3408411 035 $a(Au-PeEL)EBL3408411 035 $a(CaPaEBR)ebr10594738 035 $a(OCoLC)923416491 035 $a(EXLCZ)992670000000241300 100 $a20030430d2003 ub 0 101 0 $aeng 135 $aur|n|---||||| 181 $ctxt 182 $cc 183 $acr 200 10$aCharles S. Johnson$b[electronic resource] $eleadership beyond the veil in the age of Jim Crow /$fPatrick J. Gilpin, Marybeth Gasman ; foreword by David Levering Lewis 210 $aAlbany $cState University of New York Press$dc2003 215 $a1 online resource (335 p.) 300 $aDescription based upon print version of record. 311 $a0-7914-5897-0 320 $aIncludes bibliographical references (p. 261-310) and index. 327 $a""Charles S. Johnson""; ""Contents""; ""Foreword""; ""Acknowledgments""; ""1. From Bristol to Nashville""; ""2. From Riot to Renaissance""; ""3. The Mentor: Robert E. Park""; ""4. The Park-Johnson Model""; ""5. The Johnson Model""; ""6. Park to Johnson to Myrdal""; ""7. Internationalism: Between the World Wars""; ""8. The Department of Social Sciences""; ""9. Beyond the Classroom: Service Intellectual""; ""10. The Publications""; ""11. The Best of Booker T. Washington""; ""12. The Rest of Booker T. Washington""; ""13. The Department of Race Relations: Confronting de facto Segregation"" 327 $a""14. The Race Relations Institutes: Confronting de jure Segregation""""15. Internationalism: World War II and the Cold War""; ""16. Conflict over Fisk Leadership""; ""17. The Basic College: Nurturing Scholars and Leaders""; ""18. The Red Scare Hits Home""; ""19. Solomon on the Cumberland""; ""Epilogue""; ""Appendix I.""; ""Appendix II.""; ""Appendix III.""; ""Notes""; ""Index""; ""A""; ""B""; ""C""; ""D""; ""E""; ""F""; ""G""; ""H""; ""I""; ""J""; ""K""; ""L""; ""M""; ""N""; ""O""; ""P""; ""R""; ""S""; ""T""; ""U""; ""V""; ""W""; ""Y"" 606 $aAfrican American civil rights workers$vBiography 606 $aCivil rights workers$zUnited States$vBiography 606 $aAfrican American sociologists$vBiography 606 $aAfrican Americans$xCivil rights$xHistory$y20th century 606 $aCivil rights movements$zUnited States$xHistory$y20th century 607 $aUnited States$xRace relations 608 $aElectronic books. 615 0$aAfrican American civil rights workers 615 0$aCivil rights workers 615 0$aAfrican American sociologists 615 0$aAfrican Americans$xCivil rights$xHistory 615 0$aCivil rights movements$xHistory 676 $a323/.092 676 $aB 700 $aGilpin$b Patrick J$0903237 701 $aGasman$b Marybeth$0865447 801 0$bMiAaPQ 801 1$bMiAaPQ 801 2$bMiAaPQ 906 $aBOOK 912 $a9910462158303321 996 $aCharles S. Johnson$92019072 997 $aUNINA LEADER 02086nas 2200733- 450 001 9910913543103321 005 20241221110044.0 011 $a2250-1460 035 $a(DE-599)ZDB2563882-8 035 $a(OCoLC)797826766 035 $a(CKB)36703280000041 035 $a(CONSER)--2013247768 035 $a(MiFhGG)68QW 035 $a(EXLCZ)9936703280000041 100 $a20120530a20119999 --- - 101 0 $aeng 135 $aur||||||||||| 181 $ctxt$2rdacontent 182 $cc$2rdamedia 183 $acr$2rdacarrier 200 00$aAsian journal of pharmaceutical research and health care 210 1$aIndia :$cAkondi Butchi Raju,$d[2011]- 300 $aRefereed/Peer-reviewed 311 08$a2250-1444 517 1 $aAJPRHC 531 0 $aAsian j. pharm. res. health care 606 $aPharmacology$vPeriodicals 606 $aDrugs$xDesign 606 $aDrugs 606 $aPharmacology 606 $aDrug Design 606 $aDrug Evaluation 606 $aPharmaceutical Preparations 606 $aPharmacology 606 $aPharmacologie$vPériodiques 606 $aMédicaments$xConception 606 $aMédicaments 606 $aPharmacologie 606 $apharmacology$2aat 606 $aDrugs$xDesign$2fast$3(OCoLC)fst00898790 606 $aDrugs$2fast$3(OCoLC)fst00898761 606 $aPharmacology$2fast$3(OCoLC)fst01060259 608 $aPeriodical 608 $aPeriodicals.$2fast 615 0$aPharmacology 615 0$aDrugs$xDesign. 615 0$aDrugs. 615 0$aPharmacology. 615 2$aDrug Design 615 2$aDrug Evaluation 615 2$aPharmaceutical Preparations 615 2$aPharmacology 615 6$aPharmacologie 615 6$aMédicaments$xConception. 615 6$aMédicaments. 615 6$aPharmacologie. 615 7$apharmacology. 615 7$aDrugs$xDesign. 615 7$aDrugs. 615 7$aPharmacology. 906 $aJOURNAL 912 $a9910913543103321 996 $aAsian Journal of Pharmaceutical Research and Health Care$94298079 997 $aUNINA LEADER 05042oam 22012014 450 001 9910970783503321 005 20250426110631.0 010 $a9786612842733 010 $a9781462398157 010 $a1462398154 010 $a9781452788418 010 $a1452788413 010 $a9781451871999 010 $a1451871996 010 $a9781282842731 010 $a1282842730 035 $a(CKB)3170000000055218 035 $a(EBL)1608213 035 $a(SSID)ssj0000940841 035 $a(PQKBManifestationID)11494017 035 $a(PQKBTitleCode)TC0000940841 035 $a(PQKBWorkID)10955967 035 $a(PQKB)10706947 035 $a(OCoLC)650292074 035 $a(MiAaPQ)EBC1608213 035 $a(IMF)WPIEE2009051 035 $a(IMF)WPIEA2009051 035 $aWPIEA2009051 035 $a(EXLCZ)993170000000055218 100 $a20020129d2009 uf 0 101 0 $aeng 135 $aur|n|---||||| 181 $ctxt 182 $cc 183 $acr 200 10$aForces Driving Inflation in the New EU10 Members /$fEmil Stavrev 205 $a1st ed. 210 1$aWashington, D.C. :$cInternational Monetary Fund,$d2009. 215 $a1 online resource (18 p.) 225 1 $aIMF Working Papers 300 $a"March 2009." 311 08$a9781451916348 311 08$a1451916345 320 $aIncludes bibliographical references. 327 $aContents; I. Introduction; II. Related Literature; III. Inflation Dynamics in MNS: Background; Tables; 1. NMS and Euro Area: Energy and Food Intensity; Figures; 1. Euro Area: Contribution of Energy and Food to Headline Inflation; 2. NMS: Contribution of Energy and Food to Headline Inflation; IV. Methods and Data; A. Generalized Dynamic Factor Model; 3. NMS: Price level, Inflation, and Exchange Rate Regime; B. Modeling Common and Country-specific Components; C. Data Description; V. Discussion of the Results; A. GDFM Results; 4. Cumulative Share of Data Variance Explained by Common Factors 327 $a5. NMS: Headline and One Common Factor InflationB. Determinants of Common and Country-specific Inflation; 2. NMS: Determinants of Common Component; VI. Concluding Remarks; 3. NMS: Determinants of Country-specific Component; References 330 3 $aThe paper analyzes the forces driving inflation in the new EU10 member countries. A significant part of headline inflation in these countries is due to common factors, such as price level convergence and EU integration. However, idiosyncratic factors have also played a role in the inflation process. These factors are related to the country-specific financial conditions, pass-through from foreign prices, and demand-supply situation in each country, although administered price adjustments and increases of indirect taxes associated with EU accession are also likely to have played a role. 410 0$aIMF Working Papers; Working Paper ;$vNo. 2009/051 606 $aInflation (Finance)$zEurope, Eastern 606 $aFiscal policy$zEurope, Eastern 606 $aBanks and Banking$2imf 606 $aCurrency$2imf 606 $aDeflation$2imf 606 $aEconomic Integration$2imf 606 $aEnergy prices$2imf 606 $aEnergy: Demand and Supply$2imf 606 $aEstimation$2imf 606 $aExchange rate arrangements$2imf 606 $aFinance$2imf 606 $aFinancial services$2imf 606 $aForeign Exchange$2imf 606 $aForeign exchange$2imf 606 $aInflation$2imf 606 $aInterest rates$2imf 606 $aInterest Rates: Determination, Term Structure, and Effects$2imf 606 $aMacroeconomics$2imf 606 $aMultiple or Simultaneous Equation Models: Models with Panel Data$2imf 606 $aNominal effective exchange rate$2imf 606 $aPrice Level$2imf 606 $aPrices$2imf 606 $aReal interest rates$2imf 607 $aCzech Republic$2imf 615 0$aInflation (Finance) 615 0$aFiscal policy 615 7$aBanks and Banking 615 7$aCurrency 615 7$aDeflation 615 7$aEconomic Integration 615 7$aEnergy prices 615 7$aEnergy: Demand and Supply 615 7$aEstimation 615 7$aExchange rate arrangements 615 7$aFinance 615 7$aFinancial services 615 7$aForeign Exchange 615 7$aForeign exchange 615 7$aInflation 615 7$aInterest rates 615 7$aInterest Rates: Determination, Term Structure, and Effects 615 7$aMacroeconomics 615 7$aMultiple or Simultaneous Equation Models: Models with Panel Data 615 7$aNominal effective exchange rate 615 7$aPrice Level 615 7$aPrices 615 7$aReal interest rates 676 $a338.495319 700 $aStavrev$b Emil$01815673 712 02$aInternational Monetary Fund.$bEuropean Dept. 801 0$bDcWaIMF 906 $aBOOK 912 $a9910970783503321 996 $aForces Driving Inflation in the New EU10 Members$94372501 997 $aUNINA